| 000 | 00753nam a2200217Ii 4500 | ||
|---|---|---|---|
| 003 | JO-AjNU | ||
| 008 | 230605s9999||||xx |||||||||||||| ||und|| | ||
| 017 | _a1993/12/1374 | ||
| 040 |
_aJO-AjNU _bara _erda _cJO-AjNU |
||
| 041 | _aara | ||
| 050 | 1 | 4 | _aBP130.J3464.1994 |
| 100 | 3 |
_aجلغوم، عبد الله ابراهيم , _eauthor _941016 |
|
| 245 | 0 | 0 | _aأسرار ترتيب القرآن :ترتيب سور وآيات القرىن الكريم :قراءة معاصرة |
| 250 | _aط1 | ||
| 264 | 3 | 1 | _aعمان:عبد الله ابراهيم جلغوم ، 1994 |
| 300 | _a167ص | ||
| 336 |
_atext _btxt _2rdacontent |
||
| 337 |
_aunmediated _bn _2rdamedia |
||
| 338 |
_avolume _bnc _2rdacarrier |
||
| 650 | 4 |
_aالقرآان-اعجاز _941017 |
|
| 999 |
_aA17452 _c21020 _d21020 |
||